| 000 | 00716nam a2200229Ia 4500 | ||
|---|---|---|---|
| 003 | OSt | ||
| 005 | 20251127164314.0 | ||
| 008 | 210719s2008 xx 000 0 und d | ||
| 040 | _cAL | ||
| 041 | _aKannada | ||
| 082 | _aK894.8 PUSA | ||
| 100 |
_aPUSTAKA LOKADA ANANYARU _dಪುಸ್ತಕಲೋಕದ ಅನನ್ಯರು _9163229 |
||
| 245 |
_aAkshara prakashana _bಅಕ್ಷರ ಪ್ರಕಾಶನ |
||
| 260 |
_aBengaluru _bAbhinava Prakashana _c2008 |
||
| 300 |
_a28 _bPB |
||
| 365 | _cRs | ||
| 440 |
_aChi Shreenivasaraju Nenapina Pustaka-5 _9163230 |
||
| 650 |
_aKannada Miscellaneous _9163231 |
||
| 650 |
_aKannada Miscellaneous _9163231 |
||
| 906 | _aAkshara ; prakashana | ||
| 942 |
_2ddc _cBK |
||
| 999 |
_c214983 _d214983 |
||